01467nam a2200325 a 4500001000400000003001000004005001700014008004100031020001800072040002500090080003400115090003900149100001900188245009000207250003500297260003400332300002000366490005500386500013000441500008700571650006700658650004900725650005900774650005200833700004900885830004000934942001200974952014200986999001301128970BR-CuiBMT20231130003009.0231121s2016 bab 000 0 por d a9788544207826 aBR-CuiBMTcBR-CuiBMT 22007a343.2x(094.9)x(079.1) a343.2(094.9)(079.1)bH116lc8. ed.1 aHabib, Gabriel10aLeis penais especiais /cGabriel Habib; coordenação: Leonardo de Medeiros Garcia. a8. ed., rev., atual. e reform. aSalvador :bJusPODIVM,c2016. a395 p. ;c21 cm1 aColeção leis especiais para concursos ;vv. 12 aDicas para realização de provas com questões de concursos e jurisprudência do STF e STJ inseridas artigo por artigo. aAtualizado de acordo com os informativos e acórdãos do STF/STJ de 2013 e 2014. aDireito penalxLegislaçãoxQuestões de concursoszBrasil aDireito penalxLei de crime hediondozBrasil aDireito penalxLei do Estatuto do desarmamentozBrasil aDireito penalxLei de crimes de torturazBrasil1 aGarcia, Leonardo de Medeiros,d1977-4coord. 0aLeis especiais para concursos ;v12 2udccLV 00102udc4070aBIBTCEMTbBIBTCEMTd2023-11-23l0o343.2(094.9)(079.1) H116l 8. ed.pBIBTCEMT23111037r2023-11-24tEx. 1w2023-11-24yLV c970d970